00403nam a2200145Ia 4500008004100000020001800041041000800059082001500067100002400082245004900106260003300155300002800188365001700216700002400233230718s9999 xx 000 0 und d a9798179926139 aeng a004.6bARB aArbib M.A. (Editor) aHandbook Of Brain Theory And Neural Networks c2006bJaico Publishing House a1118dRef 419 I (26708) cRs.b3995.00 aArbib M.A. (Editor)